Retrouvez les préfectures aléatoires - Erreurs Eliminatoires - Statistiques

Statistiques générales
  • Ce quiz a été pris 168 fois
  • Le résultat moyen est 14 sur 20
Statistiques - réponses
Départements Préfectures % Correct
Corse-du-Sud Ajaccio
100%
Gironde Bordeaux
100%
Côte-d'Or Dijon
100%
Bas-Rhin Strasbourg
94%
Alpes-Maritimes Nice
93%
Ille-et-Vilaine Rennes
92%
Loire Saint-Étienne
90%
Haute-Corse Bastia
89%
Charente-Maritime La Rochelle
88%
Rhône Lyon
88%
Bouches-du-Rhône Marseille
88%
Gard Nîmes
88%
Territoire de Belfort Belfort
86%
Allier Moulins
86%
Dordogne Périgueux
86%
Puy-de-Dôme Clermont-Ferrand
84%
Hautes-Alpes Gap
84%
Sarthe Le Mans
84%
Mayotte Mamoudzou
83%
La Réunion Saint-Denis
83%
Morbihan Vannes
83%
Gers Auch
82%
Deux-Sèvres Niort
82%
Creuse Guéret
81%
Yonne Auxerre
80%
Vaucluse Avignon
80%
Landes Mont-de-Marsan
80%
Hérault Montpellier
80%
Aube Troyes
80%
Mayenne Laval
79%
Nord Lille
79%
Haut-Rhin Colmar
78%
Essonne Évry-Courcouronnes
77%
Seine-Maritime Rouen
77%
Oise Beauvais
76%
Paris Paris
76%
Charente Angoulême
75%
Seine-Saint-Denis Bobigny
75%
Calvados Caen
75%
Val-d'Oise Cergy-Pontoise
75%
Alpes-de-Haute-Provence Digne-les-Bains
75%
Isère Grenoble
75%
Finistère Quimper
75%
Manche Saint-Lô
75%
Haute-Savoie Annecy
73%
Cher Bourges
73%
Ariège Foix
73%
Pyrénées-Atlantiques Pau
73%
Var Toulon
73%
Somme Amiens
72%
Hautes-Pyrénées Tarbes
72%
Tarn Albi
71%
Eure Évreux
71%
Drôme Valence
71%
Haute-Garonne Toulouse
70%
Ain Bourg-en-Bresse
69%
Aude Carcassonne
69%
Ardennes Charleville-Mézières
69%
Vosges Épinal
69%
Pyrénées-Orientales Perpignan
69%
Yvelines Versailles
69%
Maine-et-Loire Angers
68%
Hauts-de-Seine Nanterre
68%
Orne Alençon
67%
Cantal Aurillac
67%
Loir-et-Cher Blois
67%
Eure-et-Loir Chartres
67%
Saône-et-Loire Mâcon
67%
Meurthe-et-Moselle Nancy
67%
Corrèze Tulle
67%
Moselle Metz
65%
Aisne Laon
64%
Lozère Mende
64%
Tarn-et-Garonne Montauban
64%
Loire-Atlantique Nantes
64%
Martinique Fort-de-France
63%
Jura Lons-le-Saunier
63%
Nièvre Nevers
63%
Vienne Poitiers
63%
Aveyron Rodez
63%
Lot-et-Garonne Agen
62%
Vendée La Roche-sur-Yon
62%
Loiret Orléans
62%
Guyane Cayenne
61%
Indre-et-Loire Tours
61%
Lot Cahors
60%
Savoie Chambéry
60%
Doubs Besançon
57%
Haute-Marne Chaumont
57%
Seine-et-Marne Melun
57%
Ardèche Privas
57%
Côtes-d'Armor Saint-Brieuc
57%
Haute-Vienne Limoges
55%
Guadeloupe Basse-Terre
50%
Marne Châlons-en-Champagne
50%
Indre Châteauroux
50%
Val-de-Marne Créteil
50%
Haute-Loire Le Puy-en-Velay
50%
Meuse Bar-le-Duc
44%
Haute-Saône Vesoul
40%
Pas-de-Calais Arras
35%
Aucun quiz correspondant
Distribution des résultats
% des personnes avec chaque résultat
Percentile par nombre de réponses
Votre historique - résultats
Vous n’avez pas pris ce quiz